[Event "Manizales op 21st"]
[Site "Manizales"]
[Date "2009.01.10"]
[Round "4"]
[White "Benjumea, Santiago"]
[Black "Medina Ocampo, Andres Felipe"]
[Result "0-1"]
[WhiteElo "1545"]
[BlackElo "1603"]
[PlyCount "78"]
[EventDate "2009.01.08"]
[EventType "swiss"]
[EventRounds "7"]
[EventCountry "COL"]
[SourceTitle "CBM 128 Extra"]
[Source "ChessBase"]
[SourceDate "2009.03.05"]
[SourceVersion "2"]
[SourceVersionDate "2009.03.25"]
[SourceQuality "1"]

1. e4 e5 2. Nf3 Nc6 3. Bc4 Bc5 4. c3 Nf6 5. d4 exd4 6. cxd4 Bb4+ 7. Nc3 Nxe4 8. 0-0 Nxc3 9. bxc3 d5 10. cxb4 dxc4 11. Re1+ Ne7 12. Qe2 Be6 13. Ng5 Bd5 14. Qe5 f6 15. Qe2 fxg5 16. Bxg5 Kf7 17. Qxe7+ Qxe7 18. Rxe7+ Kg6 19. Rae1 Kxg5 20. R7e5+ Kf6 21. Rxd5 Rhe8 22. Rde5 Rxe5 23. dxe5+ Ke6 24. f4 Rd8 25. g4 g6 26. Kf2 c3 27. Ke3 Rd2 28. Re2 Rd1 29. Ke4 Rd2 30. f5+ gxf5+ 31. gxf5+ Kf7 32. Re1 c2 33. Rc1 Rxh2 34. Kd3 h5 35. Ke3 h4 36. Rf1 h3 37. e6+ Kf6 38. Kf3 Rd2 39. Rc1 h2 0-1

[Event "Manizales op 21st"]
[Site "Manizales"]
[Date "2009.01.09"]
[Round "3"]
[White "Montoya, Nerio Antonio"]
[Black "Benjumea, Santiago"]
[Result "1-0"]
[WhiteElo "1631"]
[BlackElo "1545"]
[PlyCount "23"]
[EventDate "2009.01.08"]
[EventType "swiss"]
[EventRounds "7"]
[EventCountry "COL"]
[SourceTitle "CBM 128 Extra"]
[Source "ChessBase"]
[SourceDate "2009.03.05"]
[SourceVersion "2"]
[SourceVersionDate "2009.03.25"]
[SourceQuality "1"]

1. e4 e5 2. f4 Bc5 3. Nf3 d6 4. Bc4 Nf6 5. c3 Nc6 6. b4 Bb6 7. d3 Be6 8. Qb3 Bxc4 9. Qxc4 Nh5 10. f5 Nf6 11. Bg5 h6 12. Bh4 1-0